| 000 | 01119cab a2200301 4500 | ||
|---|---|---|---|
| 001 | ABS60681 | ||
| 008 | 090401t1999 xxu||||| |||| 00| 0 eng d | ||
| 035 | _a(Sirsi) u99925 | ||
| 041 | _aeng | ||
| 100 | _aCarter, P. | ||
| 245 | 2 | _aA survey of the dangers | |
| 260 | _c1999 | ||
| 350 | _a0 | ||
| 490 |
_aEstates Gazette _v(9919) 15 May 1999, 151&153(2) |
||
| 520 | _aIn December 1998, government published its proposals for speeding up residential conveyancing, which it hopes will reduce the number of abandoned deals. In the light of these plans, all house sellers must provide surveys. The article considers whether this will result in higher insurance premiums for surveyors. | ||
| 650 | _aCONVEYANCING | ||
| 650 | _aPROPERTY-RESIDENTIAL PROPERTY-ACQUISITION AND DISPOSAL OF RESIDENTIAL PROPERTY | ||
| 650 | _aHOUSE SURVEYS | ||
| 650 | _aINSURANCE PREMIUMS | ||
| 650 | _aLIABILITY | ||
| 650 | _aSELLER SURVEYS | ||
| 650 | _aSPEEDING UP | ||
| 650 | _aSURVEYORS | ||
| 690 | _aMANAGEMENT-BUSINESS MANAGEMENT-PROFESSIONAL PRACTICE | ||
| 700 | _aPerry, E. | ||
| 942 | _n0 | ||
| 948 | _c02/06/1999 | ||
| 999 |
_c60012 _d60012 |
||